Matemáticas previas al cálculo: funciones, gráficas y geometría analítica. Con ejercicios para calculadora y graficadora
Αποθηκεύτηκε σε:
| Κύριος συγγραφέας: | |
|---|---|
| Μορφή: | Βιβλίο |
| Γλώσσα: | Ισπανικά |
| Έκδοση: |
Ciudad de México
Oxford University
1998
|
| Έκδοση: | 3a. ed |
| Θέματα: | |
| Ετικέτες: |
Προσθήκη ετικέτας
Δεν υπάρχουν, Καταχωρήστε ετικέτα πρώτοι!
|
MARC
| LEADER | 00000nam a2200000 a 4500 | ||
|---|---|---|---|
| 001 | UCM0770 | ||
| 003 | CL-VaPUC | ||
| 008 | 020308e19980000MX |||||||||||||||||spa|d | ||
| 020 | |a 970613056X | ||
| 082 | 0 | 4 | |a 515 |b LEI |2 21 |
| 100 | |a Leithold, Louis |e author |9 520945 | ||
| 245 | 1 | 0 | |a Matemáticas previas al cálculo: funciones, gráficas y geometría analítica. Con ejercicios para calculadora y graficadora |
| 250 | |a 3a. ed | ||
| 300 | |a 907 p | ||
| 942 | |c BK | ||
| 945 | |d 20020308 00:00:00 |a cmena | ||
| 260 | |a Ciudad de México |b Oxford University |c 1998 | ||
| 650 | 0 | |a Funciones (Matemáticas) |9 338128 | |
| 650 | 0 | |a Ecuaciones |9 260137 | |
| 650 | 7 | |a DESIGUALDADES MATEMATICAS |2 CL-VaPUC |9 271277 | |
| 650 | 0 | |a Trigonometría |9 259568 | |
| 650 | 0 | |a Geometría analítica |9 260062 | |
| 583 | |a last modification |c 20140410 07:10:08 |k Rodrigo Vera | ||
| 999 | |c 299601 |d 299599 | ||
| 952 | |0 0 |1 0 |4 0 |6 515_000000000000000_LEI_1998 |7 0 |8 A |9 356325 |a BIBMEC |b BIBMEC |d 2019-11-21 |i 379590K |o 515 LEI 1998 |p 379590K |r 2024-01-19 |w 2019-11-21 |y BK |k MEC | ||